000 00409nam a2200157 i 4500
001 78338
003 ES-MaACL
005 20230906173649.0
007 t|
008 041013s1923 xxk ||||1| eng d
100 1 _aHardy, Thomas.
_961838
245 1 0 _aCollected poemes /
_cof Thomas Hardy.
260 _aLondon :
_bMacmillan and CÂș,
_c1923.
300 _aXXIV, 670 p. ;
_c19 cm.
852 _aES-MaACL
_jF-854
999 _c78338
_d78338